• 首页
  • 本馆介绍
  • 公告通知
  • 最新文献
  • 馆藏检索
  • 电子资源
  • 读者导购
  • 参考咨询
  • 我的图书馆
  • 登录
  • 详细信息显示
  • 放入我的书架
  • 预约/预借图书
  • 作者相关作品
  • 分类相关作品
  • 丛书相关作品
  • 出版社相关作品

书目信息

  • 表格格式
  • 工作单格式
  • 卡片格式
题名:
业余电声电视录音技术问答
    
 
作者: ;上海科学技术出版社 编
分册:  
出版信息: 上海   上海科学技术出版社  1984
页数: 127页
开本: 19cm
丛书名:
单 册:
中图分类: TN912.1
科图分类:
主题词: 电声技术--问答 , 语音数据处理 , 电声技术
电子资源:
ISBN:
000 00802nam0 2200253 45
001 0184016213
005 20051226103057.96
010    @dCNY0.52
091    @a15119.2328
100    @a19950516d1984 em y0chiy0121 ea
101 0  @achi
102    @aCN@b310000
105    @ay z 000yy
200 10 @a业余电声电视录音技术问答@Aye yu dian sheng dian shi lu yin ji shu wen da@f上海科学技术出版社编@Fshang hai ke xue ji shu chu ban she bian
210    @a上海@c上海科学技术出版社@d1984
215    @a127页@d19cm
606    @a电声技术@x问答
606 0  @a语音数据处理
606 0  @a电声技术
690    @aTN912.1
711 02 @a上海科学技术出版社@Ashang hai ke xue ji shu chu ban she@4编
801  2 @aCN@bNLC@c20051226
801  0 @aCN@b上海图书馆@c20040517
905    @f9@b114685-693@f1@b114695@dTN912.1@e14
    
    业余电声电视录音技术问答/上海科学技术出版社编.-上海:上海科学技术出版社,1984
    127页;19cm
    
    
    ISBN :CNY0.52
    
●
相关链接 在E读中查询图书 在五车中查询图书 在当当中查询图书 在豆瓣中查询图书


正题名:业余电声电视录音技术问答     索取号:TN912.1/14         预约/预借

序号 登录号 条形码 馆藏地/架位号 状态 备注
1 0114685   001323758   第三借阅区/ [索取号:TN912.1/14] 在馆    
2 0114686   001323847   密集书库/ [索取号:TN912.1/14] 在馆    
3 0114687   001323838   密集书库/ [索取号:TN912.1/14] 在馆    
4 0114688   001323829   密集书库/ [索取号:TN912.1/14] 在馆    
5 0114689   001323810   密集书库/ [索取号:TN912.1/14] 在馆    
6 0114690   001323801   密集书库/ [索取号:TN912.1/14] 在馆    
7 0114691   001323794   密集书库/ [索取号:TN912.1/14] 在馆    
8 0114692   001323776   密集书库/ [索取号:TN912.1/14] 在馆    
9 0114693   001323767   密集书库/ [索取号:TN912.1/14] 在馆    
10 0114694   202180969   密集书库/ [索取号:TN912.1/14] 在馆    
11 0114695   001323785   密集书库/ [索取号:TN912.1/14] 在馆    
12 0114696   001323749   第二样本阅览室/ [索取号:TN912.1/14] 在馆    
唐山师范学院图书馆 欢迎您!
大连网信软件有限公司© 版权所有